Normal view
MARC view
Entry Topical Term
001 - CONTROL NUMBER
- control field: 15898
003 - CONTROL NUMBER IDENTIFIER
- control field: BD-RjUL
005 - DATE AND TIME OF LATEST TRANSACTION
- control field: 20250705172353.0
008 - FIXED-LENGTH DATA ELEMENTS
- fixed length control field: 250705|| aca||aabn | a|a d
040 ## - CATALOGING SOURCE
- Original cataloging agency: BD-RjUL
- Transcribing agency: BD-RjUL
150 ## - HEADING--TOPICAL TERM
- Topical term or geographic name entry element: English language
- General subdivision: Etymology
670 ## - SOURCE DATA FOUND
- Source citation: Work cat.: (BD-RjUL)85124: Skeat, Walter W. (Walter William), 1835-1912. 15897, A student's pastime;, 1896.